[Event "Sachsen-ch U10 Girls"]
[Site "Sebnitz"]
[Date "2007.04.13"]
[Round "5"]
[White "Wieland, Sophie"]
[Black "Winkelmann, Elise"]
[Result "1-0"]
[WhiteElo "866"]
[BlackElo "790"]
[PlyCount "43"]
[EventDate "2007.04.10"]
[EventType "swiss"]
[EventRounds "7"]
[EventCountry "GER"]
[SourceTitle "EXT 2008"]
[Source "ChessBase"]
[SourceDate "2007.11.25"]
[SourceVersion "1"]
[SourceVersionDate "2007.11.25"]
[SourceQuality "1"]

1. e4 c5 2. Nf3 e6 3. d4 cxd4 4. Nxd4 Qb6 5. Bb5 Bc5 6. Be3 Nc6 7. 0-0 Nxd4 8. Bc4 Qxb2 9. Nd2 Nf6 10. e5 Ng4 11. Qxg4 Nxc2 12. Rab1 Qxe5 13. Rb5 b6 14. Qh4 0-0 15. Bd3 f6 16. Qxh7+ Kf7 17. Bg6+ Ke7 18. Qxg7+ Kd8 19. Bxc5 bxc5 20. Qxf8+ Kc7 21. Rxc5+ Kb8 22. Qxc8# 1-0

[Event "Sachsen-ch U10 Girls"]
[Site "Sebnitz"]
[Date "2007.04.10"]
[Round "1"]
[White "Wieland, Sophie"]
[Black "Roth, Dorothea"]
[Result "1-0"]
[WhiteElo "866"]
[BlackElo "767"]
[PlyCount "67"]
[EventDate "2007.04.10"]
[EventType "swiss"]
[EventRounds "7"]
[EventCountry "GER"]
[SourceTitle "EXT 2008"]
[Source "ChessBase"]
[SourceDate "2007.11.25"]
[SourceVersion "1"]
[SourceVersionDate "2007.11.25"]
[SourceQuality "1"]

1. e4 e5 2. Nf3 Nc6 3. Bc4 Bc5 4. b4 Bxb4 5. c3 Bc5 6. 0-0 Nf6 7. d3 0-0 8. Bg5 d6 9. h3 h6 10. Bh4 Ne7 11. d4 Bb6 12. dxe5 Nxe4 13. Qc2 g6 14. Qxe4 Qd7 15. exd6 Qxd6 16. Bxe7 Bf5 17. Qe2 Qd7 18. Bxf8 Kxf8 19. Ne5 Qe7 20. Nd2 c5 21. Bb3 f6 22. Nxg6+ Bxg6 23. Qg4 Kg7 24. Bc2 Kf7 25. Qxg6+ Ke6 26. Rfe1+ Kd6 27. Rxe7 Kxe7 28. Re1+ Kd7 29. Qxf6 Kc7 30. Re7+ Kc8 31. Qf8+ Bd8 32. Ne4 b6 33. Nd6+ Kb8 34. Qxd8# 1-0